Metódy bilancovania výrobných liniek
Problematiku vyvažovania výrobných liniek môžeme riešiť prostredníctvom exaktných metód (optimalizačné metódy), heuristických a metaheuristických metód. Genetické algoritmy sú alternatívou ku klasickým optimalizačným metódam a umožňujú riešiť aj úplné (komplexné) NP-ťažké úlohy.
Enregistré dans:
| Auteur principal: | |
|---|---|
| Format: | Chapitre de livre |
| Langue: | slovaque |
| Sujets: | |
| Tags: |
Pas de tags, Soyez le premier à ajouter un tag!
|
MARC
| LEADER | 00000nla a2200000 4500 | ||
|---|---|---|---|
| 001 | 0163579 | ||
| 005 | 20240502072838.0 | ||
| 041 | 0 | |a slo | |
| 044 | |a SK | ||
| 245 | 1 | 0 | |a Metódy bilancovania výrobných liniek |c Jana Lovíšková |
| 520 | |a Problematiku vyvažovania výrobných liniek môžeme riešiť prostredníctvom exaktných metód (optimalizačné metódy), heuristických a metaheuristických metód. Genetické algoritmy sú alternatívou ku klasickým optimalizačným metódam a umožňujú riešiť aj úplné (komplexné) NP-ťažké úlohy. | ||
| 610 | 2 | 0 | |a podnik výrobný |
| 610 | 2 | 0 | |a linky výrobné |
| 610 | 2 | 0 | |a logistika podniková |
| 610 | 2 | 0 | |a metódy optimalizačné |
| 610 | 2 | 0 | |a metódy simulačné |
| 610 | 2 | 0 | |a analýza sieťová |
| 610 | 2 | 0 | |a modely |
| 100 | 1 | |a Lovíšková, Jana | |